| 000 | 02197cam a22006134i 4500 | ||
|---|---|---|---|
| 003 | PE-LiUPU | ||
| 005 | 20250731170443.0 | ||
| 008 | 150625s2007 sp a rb 000 0 spa d | ||
| 020 | _a9702609550 | ||
| 020 | _a9789702609551 | ||
| 035 | _a(Sirsi) i9789702609551 | ||
| 040 |
_aPE-LiUPU _bspa _cPE-LiUPU _erda |
||
| 049 | _aPRUA | ||
| 082 | 0 | 4 |
_a170.1 _bV19 _221 |
| 100 | 1 |
_aValdés Salmerón, Verónica, _eautor. |
|
| 245 | 1 | 0 |
_aÉtica y valores 2 : _bun enfoque constructivista / _cVerónica Valdés Salmerón. |
| 264 | 1 |
_aNaucalpan, México : _bPearson Educación de México, _c2007. |
|
| 300 |
_a215 páginas : _bilustraciones ; _c24 centímetros |
||
| 336 |
_atext _2rdacontent |
||
| 337 |
_aunmediated _2rdamedia |
||
| 338 |
_avolume _2rdacarrier |
||
| 504 | _aIncluye bibliografía. | ||
| 505 | 0 | _aLa dimensiones de la conciencia moral -- Los derechos humanos y la dignidad de las personas -- La globalización y el desarrollo de las personas -- Educación ambiaental para el desarrollo sustentable. | |
| 526 | _aSEG68 | ||
| 526 | _aSEG70 | ||
| 526 | _aSEG69 | ||
| 526 | _aSEG67 | ||
| 526 | _aSEG43 | ||
| 526 | _aP144 | ||
| 526 | _aP143 | ||
| 526 | _aP131 | ||
| 526 | _aP122 | ||
| 526 | _aP120 | ||
| 526 | _aP117 | ||
| 526 | _aP112 | ||
| 526 | _aP110 | ||
| 526 | _aP106 | ||
| 526 | _aP101 | ||
| 526 | _aP80 | ||
| 526 | _aP59 | ||
| 526 | _aP54 | ||
| 526 | _aP35 | ||
| 526 | _aP33 | ||
| 526 | _aP30 | ||
| 541 | _g001-000235; | ||
| 650 | 0 | 4 |
_aEtica _xEstudio y enseñanza (Superior). |
| 650 | 0 | 4 |
_aValores (Filosofía) _xEstudio y enseñanza (Superior). |
| 910 |
_bksl _cksl _d20190619 |
||
| 942 |
_2ddc _cBOOK |
||
| 949 |
_a170.1 V19 _wDEWEY _c1 _i57733 _d2016-9-25 _e2016-9-22 _lCCODEBUL1 _mBUL _n2 _p9.00 _r0 _sY _tBOOK _u2015-6-25 _xEDUCACION _PP20 _0COMPRA _o.STAFF. Colección Ciencias Humanas y Educación |
||
| 994 |
_aC0 _bPEPRU |
||
| 596 | _a1 | ||
| 999 |
_a170.1 V19 _wDEWEY _c46739 _i57733 _d46739 _e2016-9-22 _f2021-11-8 _g6 _lCCODEBUL1 _mBUL _n2 _p9.00 _r0 _sY _tBOOK _u2015-6-25 _xEDUCACION _PP20 _0COMPRA _o.STAFF. Colección Ciencias Humanas y Educación |
||
| 980 |
_81 _gALBERTO SANCHEZ Responsable de Automatización |
||